The reformist ideas and impact of Zainal Abidin Ahmad (ZA' BA) 1895-1973 in the Malay Peninsula /
Saved in:
| 主要作者: | |
|---|---|
| 格式: | Thesis |
| 语言: | English |
| 出版: |
Gombak :
International Islamic University Malaysia,
2002
|
| 主题: | |
| 在线阅读: | Click here to view 1st 24 pages of the thesis. Members can view fulltext at the specified PCs in the library. |
| 标签: |
添加标签
没有标签, 成为第一个标记此记录!
|
| LEADER | 023140000a22004210004500 | ||
|---|---|---|---|
| 001 | 276306 | ||
| 005 | 20230420112949.0 | ||
| 008 | 040131s2002 my g b 000 0 eng d | ||
| 035 | |a (Sirsi) 276306 | ||
| 040 | |a UIAM |b eng | ||
| 041 | 0 | |a eng | |
| 043 | |a a-my--- | ||
| 050 | 0 | 0 | |a DS596.63.Z33 |
| 100 | 0 | |a Ilya Romiza Binti Suri |9 116474 | |
| 245 | 1 | 4 | |a The reformist ideas and impact of Zainal Abidin Ahmad (ZA' BA) 1895-1973 in the Malay Peninsula / |c by Ilya Romiza binti Suri |
| 260 | |a Gombak : |b International Islamic University Malaysia, |c 2002 | ||
| 300 | |a ix, 118 leaves ; |c 30 cm. | ||
| 336 | |2 rdacontent | ||
| 337 | |2 rdamedia | ||
| 338 | |2 rdacarrier | ||
| 500 | |a Abstracts in English and Arabic. | ||
| 500 | |a "A thesis submitted in partial fulfilment of the requirements for the degree of Master of Human Sciences in History and Civilization." --On t.p. | ||
| 502 | |a Thesis (M.A.)--International Islamic University Malaysia, 2002. | ||
| 504 | |a Includes bibliographical references (p. 75-85). | ||
| 600 | 1 | 0 | |a Za'ba, |c Tan Sri, Pendeta, |d 1895-1973 |9 116475 |
| 650 | 0 | |a Intellectuals |v Biography |z Malaysia |9 116476 | |
| 650 | 0 | |a Authors, Malay |v Biography |z Malaysia |9 59290 | |
| 655 | 0 | 7 | |a Theses, IIUM local |
| 690 | 0 | |a Dissertations, Academic |x Department History and Civilization |z IIUM |9 57807 | |
| 710 | 2 | |a International Islamic University Malaysia. |b Department of History and Civilization | |
| 710 | 2 | |a International Islamic University Malaysia. |b Kulliyyah of Islamic Revealed Knowledge and Human Sciences | |
| 856 | 4 | |u http://studentrepo.iium.edu.my/handle/123456789/7082 |z Click here to view 1st 24 pages of the thesis. Members can view fulltext at the specified PCs in the library. | |
| 900 | |a bib-mbs-hj-sar-zaj-hm | ||
| 942 | |2 lcc |n 0 | ||
| 999 | |c 431681 |d 466797 | ||
| 952 | |0 0 |6 T DS 000596.63 Z33 I299R 2002 |7 0 |8 THESES |9 753727 |a IIUM |b IIUM |c MULTIMEDIA |g 0.00 |o t DS 596.63 Z33 I299R 2002 |p 11100325116 |r 2017-10-19 |t 2 |v 0.00 |y THESIS | ||
| 952 | |0 0 |6 LU T DS 596.63 Z33 I299R 2002 |7 0 |8 THESES |9 757688 |a IIUM |b IIUM |c CLOSEACCES |g 0.00 |o lu t DS 596.63 Z33 I299R 2002 |p 00000868502 |r 2017-10-25 |t 1 |v 0.00 |y THESIS | ||
| 952 | |0 0 |6 TS CDF DS 596.63 Z33 I299R 2002 |7 0 |8 THESES |9 813376 |a IIUM |b IIUM |c MULTIMEDIA |g 0.00 |o ts cdf DS 596.63 Z33 I299R 2002 |p 11100325705 |r 2017-10-26 |t 1 |v 0.00 |y THESISDIG | ||
